BIBLIOTECA

SENCICO

Scandinavian design = diseño escandinavo / (Registro nro. 3742)

Detalles MARC
000 -LEADER
fixed length control field 00881nam a22002777a 4500
003 - CONTROL NUMBER IDENTIFIER
control field PE SENCICO BE
005 - DATE AND TIME OF LATEST TRANSACTION
control field 20251020182624.0
008 - FIXED-LENGTH DATA ELEMENTS--GENERAL INFORMATION
fixed length control field 230104b |||||||| |||| 00| 0 eng d
020 ## - INTERNATIONAL STANDARD BOOK NUMBER
International Standard Book Number 978-3-8365-4453-5
040 ## - CATALOGING SOURCE
Original cataloging agency PE SENCICO BE
Transcribing agency PE SENCICO BE
041 ## - LANGUAGE CODE
Language code of text/sound track or separate title spa
082 ## - DEWEY DECIMAL CLASSIFICATION NUMBER
Classification number 720.948
Item number C23
100 1# - MAIN ENTRY--PERSONAL NAME
9 (RLIN) 390
Personal name Fiell, Charlotte
Relator term autor
245 1# - TITLE STATEMENT
Title Scandinavian design = diseño escandinavo /
Statement of responsibility, etc. Charlotte Fiell, Peter Fiell
250 ## - EDITION STATEMENT
Edition statement 1a ed.
260 ## - PUBLICATION, DISTRIBUTION, ETC.
Place of publication, distribution, etc. Koln:
Name of publisher, distributor, etc. Taschen,
Date of publication, distribution, etc. 2016
300 ## - PHYSICAL DESCRIPTION
Extent 704 p.:
Other physical details il. col., lams.,
Dimensions 20 cm.
650 14 - SUBJECT ADDED ENTRY--TOPICAL TERM
9 (RLIN) 49
Topical term or geographic name entry element Arquitectura
Geographic subdivision Dinamarca
650 24 - SUBJECT ADDED ENTRY--TOPICAL TERM
9 (RLIN) 49
Topical term or geographic name entry element Arquitectura
Geographic subdivision Finlandia
650 24 - SUBJECT ADDED ENTRY--TOPICAL TERM
9 (RLIN) 49
Topical term or geographic name entry element Arquitectura
Geographic subdivision Islandia
650 24 - SUBJECT ADDED ENTRY--TOPICAL TERM
9 (RLIN) 49
Topical term or geographic name entry element Arquitectura
Geographic subdivision Noruega
650 24 - SUBJECT ADDED ENTRY--TOPICAL TERM
9 (RLIN) 49
Topical term or geographic name entry element Arquitectura
Geographic subdivision Suecia
700 1# - ADDED ENTRY--PERSONAL NAME
9 (RLIN) 391
Personal name Fiell, Peter
Relator term autor
910 ## - USER-OPTION DATA (OCLC)
-- hfp
-- hfp
942 ## - ADDED ENTRY ELEMENTS (KOHA)
Source of classification or shelving scheme Dewey Decimal Classification
Koha item type Libros
Classification part 720.948
Item part C23
Existencias
Fecha de la última vez que lo usaron Número de ingreso o de inventario Pago total Signatura topográfica completa Precio efectivo desde Tipo de documento Estado perdido Sistema de clasificación Estado dañado No es para préstamo Retirado Ubicación permanente Ubicación actual Fecha de adquisición
04/01/2023 16576   720.948/C23 04/01/2023 Libros   Dewey Decimal Classification       Biblioteca Central Lima Biblioteca Central Lima 04/01/2023